| 000 | 00600nam a2200193 a 4500 | ||
|---|---|---|---|
| 005 | 20210219160512.0 | ||
| 008 | 081109s2000 mx r 000 0 spa d | ||
| 020 | _a9681611012 | ||
| 035 | _aUPN01000166964 | ||
| 049 | _aUNE | ||
| 080 | _a338 (724.9) LOM No.27. | ||
| 100 | 1 | _aLomnitz-Adler, Claudio | |
| 245 | 1 | 0 | _aEvolución de una sociedad rural/ Claudio Lomnitz-Adler. |
| 260 | _aMéxico : CONAFE: Fondo de Cultura Económica, 1982. | ||
| 300 | _a317 p.; 17 cm. il. | ||
| 440 | 0 | _aSEP/ 80; 27 | |
| 690 | _aZonas rurales-Mexico (Morelos)-Desarrollo economico y social | ||
| 905 | _aUNESCO | ||
| 999 |
_c139075 _d139075 |
||